000
00247nam a22001217a 4500
082
_a
823
_b
ENC/C
100
_a
BRITANICA
245
_a
COLOURS
246
_a
COLOURS
_b
COLOURS
260
_a
U K
_b
ENCYCLOPEDIA BRITANICA
300
_a
2012
942
_c
BK
999
_c
8485
_d
8485